| 000 | 00591nam a2200145 a 4500 | ||
|---|---|---|---|
| 008 | 130806s2012 ||||||||||||||||| || u | ||
| 020 | _a9780702035524 | ||
| 050 | _aRM 700 Ain | ||
| 100 | _aAinslie, Tim | ||
| 245 | 1 | 4 |
_aThe concise guide to physiotherapy Volume 1 assessment _cby Tim Ainslie |
| 260 |
_aEdinburgh: _bChurchill Livingstone/Elsevier _c2012 |
||
| 300 | _axi, 302p.: ill. | ||
| 650 | 0 | _aPHYSICAL THERAPY | |
| 995 |
_aMEDICAL LIBRARY OPEN ACCESS _e902269 _FCBU-SCHOOL OF MEDICINE LIBRARY (Ndola) _jRM 700 Ain _M1 _UAVAILABLE _WAug 20, 2013 _y902269 _ZMedical Library Open Access Collection |
||
| 999 |
_c31139 _d31139 |
||